Pavouk polka /

Hlavní autor: Závodný, Antonín, 1922-1990
Další autoři: Sládek, Josef, Schuster, Emanuel, 1908-1980, Jacura, Ladislav, 1913-2004, Škabrada, Jaroslav, 1919-2002
Jazyk: Čeština
Vydáno: Praha : Supraphon, 1974
Vydání: 1. vyd.
Edice: Dechová hudba (Supraphon)
Fyzický popis: 23 hlasů
Hudebniny Hudebniny
Uloženo v:
LEADER 01177ncm a22003012a 4500
001 001104320
003 CZ BrMZK
005 20110510101647.0
007 qu
008 021022s1974 xr f cze d
040 |a BOA001  |b cze 
072 7 |a 784  |x Vokální hudba  |2 Konspekt  |9 9 
100 1 |a Závodný, Antonín,  |d 1922-1990  |7 ola200204662  |4 cmp 
245 1 0 |a Pavouk  |h [hudebnina] :  |b polka /  |c Antonín Závodný ; slova J. Sládek. Dokud nám zdravíčko slouží : valčík / E. Schuster ; slova L. Jacura ; upr. Jaroslav Škabrada a E. Schuster 
250 |a 1. vyd. 
260 |a Praha :  |b Supraphon,  |c 1974 
300 |a 23 hlasů 
490 1 |a Dechová hudba ;  |v 403 
700 1 |a Sládek, Josef  |7 jx20090902013  |4 lyr 
700 1 |a Schuster, Emanuel,  |d 1908-1980  |7 ola2002158811  |4 cmp  |4 arr 
700 1 |a Jacura, Ladislav,  |d 1913-2004  |7 jk01050594  |4 lyr 
700 1 |a Škabrada, Jaroslav,  |d 1919-2002  |7 jn20000728699  |4 arr 
740 0 2 |a Dokud nám zdravíčko slouží 
830 0 |a Dechová hudba (Supraphon) 
910 |a BOA001  |b Mus3-0716.427 
990 |a MU 
991 |b 201007 
996 6 |b 2619456086  |c Mus3-0716.427  |l MZK  |r Sklad / do 1 hodiny  |n 0  |w 001131118  |u 000010  |a 1  |e BOA001  |j MZK50  |s P